header

Financial risk management (Record no. 31800)

MARC details
000 -LEADER
fixed length control field 01900nam a2200397 a 4500
082 04 - DEWEY DECIMAL CLASSIFICATION NUMBER
Classification number 658.15/5
100 1# - MAIN ENTRY--AUTHOR NAME
Personal name Allen, Steven,
245 10 - TITLE STATEMENT
Title Financial risk management
250 ## - EDITION STATEMENT
Edition statement 2nd ed.
260 ## - PUBLICATION, DISTRIBUTION, ETC. (IMPRINT)
Place of publication Hoboken, N.J. :
Name of publisher Wiley,
Year of publication 2013.
300 ## - PHYSICAL DESCRIPTION
Number of Pages xxvii, 579 p. :
Other physical details ill.
490 1# - SERIES STATEMENT
Series statement Wiley finance
500 ## - GENERAL NOTE
General note "+ website"--Cover.
505 0# - FORMATTED CONTENTS NOTE
Formatted contents note Foreword -- Preface -- Acknowledgments -- Introduction -- Institutional background -- Operational risk -- Financial disasters -- The systemic disaster of 2007-2008 -- Managing financial risk -- Var and stress testing -- Model risk -- Managing spot risk -- Managing forward risk -- Managing vanilla options risk -- Managing exotic options risk -- Credit risk -- Counterparty credit risk -- Bibliography -- About the companion website -- Index.
650 #0 - SUBJECT ADDED ENTRY--TOPICAL TERM
Topical Term Financial risk management.
Topical Term Finance.
856 40 - ELECTRONIC LOCATION AND ACCESS
Uniform Resource Identifier http://site.ebrary.com/lib/rucke/Doc?id=10641865

No items available.

© 2026 Rongo University
Contact us: librarian | system librarian | Rongo university